00832nam a22002537a 4500003001100000005001700011008004100028020001600069040003900085041000800124082001500132100001800147242003100165245002800196260003600224650003900260650002000299650003100319700003400350856008200384942000700466952009000473999001500563LK-CoMWRAF20231010133426.0230926b1967 |||||||| |||| 00| 0 eng d a08202150845 aLK-CoMWRAFdLK-CoMWRAFeLK-CoMWRAF aeng a305.8bFAN aFanon, Frantz aPeau noire, masques blancs aBlack skin, white masks aNew York :bGrove press. c1967 aBlack people -- Social conditions  aRace relations  aBlack people -- Psychology aMarkmann, Charles Lametrans. uhttps://monoskop.org/images/a/a5/Fanon_Frantz_Black_Skin_White_Masks_1986.pdf cBK 00104070aMAINbMAINd2023-09-26l0o305.8 FANpRAF2001r2023-09-26w2023-09-26yBK c3682d3682